[Event "FICS rated blitz game"]
[Site "FICS freechess.org"]
[Date "2018.01.03"]
[Round "?"]
[White "sunrhades"]
[Black "xadrezrs"]
[Result "0-1"]
[WhiteElo "1711"]
[BlackElo "1780"]
[PlyCount "66"]
[EventDate "2018.??.??"]
[EventType "blitz"]

1. e4 e5 2. Nf3 Nc6 3. c3 Nf6 4. d4 exd4 5. e5 Ne4 6. cxd4 Bb4+ 7. Nbd2 d5 8.
Bb5 O-O 9. Bxc6 bxc6 10. Qc2 f6 11. O-O Bxd2 12. Bxd2 Bg4 13. exf6 Bxf3 14.
fxg7 Rf7 15. gxf3 Rxf3 16. Be3 Qh4 17. Qxc6 Rd8 18. Qe6+ Kxg7 19. Qe5+ Kg8 20.
Kh1 Rd6 21. Rg1+ Kf8 22. Qh8+ Ke7 23. Rg7+ Rf7 24. Rxf7+ Kxf7 25. Rg1 Rg6 26.
Rxg6 Nxf2+ 27. Kg2 Qe4+ 28. Kxf2 Qxg6 29. Qd8 Qc2+ 30. Kf3 Qe4+ 31. Ke2 Qc2+
32. Bd2 Qe4+ 33. Kd1 Qb1+ 0-1

[Event "FICS rated standard game"]
[Site "FICS freechess.org"]
[Date "2018.01.03"]
[Round "?"]
[White "piaanist"]
[Black "fedand"]
[Result "1-0"]
[WhiteElo "1379"]
[BlackElo "1413"]
[PlyCount "105"]
[EventDate "2018.??.??"]

1. e4 e5 2. Nf3 Nc6 3. c3 Nf6 4. Bd3 Bc5 5. Bc2 d5 6. d3 dxe4 7. dxe4 Qe7 8.
Bd3 Ng4 9. O-O O-O 10. h3 Nf6 11. Nh2 Ne8 12. Kh1 Qf6 13. Be3 Bxe3 14. fxe3 Qg6
15. Nd2 f5 16. exf5 Bxf5 17. Bxf5 Rxf5 18. Rxf5 Qxf5 19. Ng4 Nf6 20. Nxf6+ Qxf6
21. Ne4 Qg6 22. Qf3 Rf8 23. Qg3 Qxe4 24. h4 Na5 25. h5 h6 26. Qh3 Qd5 27. b4
Nc4 28. Re1 c5 29. bxc5 Qxc5 30. Qd7 b5 31. g4 Nxe3 32. g5 Qd5+ 33. Qxd5+ Nxd5
34. gxh6 gxh6 35. Rxe5 Nf6 36. Rxb5 Kh7 37. Rb7+ Kg8 38. Rxa7 Nxh5 39. a4 Nf4
40. c4 Nd3 41. a5 Nc5 42. Rc7 Nd3 43. a6 Rf1+ 44. Kg2 Ra1 45. a7 Ra2+ 46. Kg3
Rxa7 47. Rxa7 h5 48. Ra3 Ne5 49. Ra5 Nxc4 50. Rxh5 Kg7 51. Kf4 Kg6 52. Rc5 Nd6
53. Rc6 {Black resigns} 1-0

[Event "FICS rated blitz game"]
[Site "FICS freechess.org"]
[Date "2018.01.03"]
[Round "?"]
[White "gunilla"]
[Black "capricornus"]
[Result "0-1"]
[WhiteElo "1224"]
[BlackElo "1339"]
[PlyCount "108"]
[EventDate "2018.??.??"]
[EventType "blitz"]

1. e4 e5 2. Nf3 Nc6 3. c3 d6 4. d4 f5 5. exf5 Bxf5 6. d5 Nce7 7. Bb5+ c6 8.
dxc6 bxc6 9. Be2 Nf6 10. O-O Ng6 11. Bg5 Be7 12. Bxf6 Bxf6 13. Nbd2 O-O 14. Nc4
d5 15. Ne3 Bd7 16. h3 e4 17. Nd4 Bxd4 18. cxd4 Nf4 19. Bg4 Bxg4 20. Nxg4 Nd3
21. Ne5 Nxe5 22. dxe5 Qe7 23. Qd4 Rfd8 24. b4 Rac8 25. Rac1 h6 26. f3 exf3 27.
Rxf3 Qg5 28. Rcf1 Re8 29. Re3 Re6 30. h4 Qh5 31. Rfe1 Rc7 32. Rg3 Rce7 33. Qg4
Qxg4 34. Rxg4 Rxe5 35. Rxe5 Rxe5 36. Rd4 Kf7 37. a4 Ke6 38. Rg4 g5 39. h5 Re4
40. Rxe4+ dxe4 41. Kf2 Ke5 42. Ke3 Kd5 43. g4 a6 44. b5 axb5 45. axb5 cxb5 46.
Kd2 Kd4 47. Kc2 b4 48. Kb3 e3 49. Kxb4 e2 50. Kb5 e1=Q 51. Kc6 Qe6+ 52. Kc7
Qxg4 53. Kd8 Qxh5 54. Ke7 g4 {White resigns} 0-1

[Event "FICS rated blitz game"]
[Site "FICS freechess.org"]
[Date "2018.01.03"]
[Round "?"]
[White "hoken"]
[Black "snob"]
[Result "0-1"]
[WhiteElo "1423"]
[BlackElo "1496"]
[PlyCount "80"]
[EventDate "2018.??.??"]
[EventType "blitz"]

1. e4 e5 2. Nf3 Nc6 3. c3 a6 4. d4 exd4 5. Nxd4 Qf6 6. Be3 Bc5 7. Be2 Nge7 8.
O-O h6 9. a3 O-O 10. h3 Ba7 11. b4 Ne5 12. Nd2 d6 13. N2f3 c5 14. bxc5 dxc5 15.
Nb3 Be6 16. Nxc5 Bxc5 17. Bxc5 Rfd8 18. Qc2 N7c6 19. Rad1 Nxf3+ 20. Bxf3 Bc4
21. Rxd8+ Rxd8 22. Rd1 Rxd1+ 23. Bxd1 Qe5 24. Bd4 Nxd4 25. cxd4 Qxd4 26. Bf3 b5
27. Qc1 Bd3 28. Qf4 Bc4 29. Qb8+ Kh7 30. Qf4 Qa1+ 31. Kh2 Qxa3 32. Qf5+ g6 33.
Qe5 a5 34. Qc7 a4 35. e5 Qf8 36. Be4 h5 37. Qd6 Kg7 38. Bd5 Bxd5 39. Qxd5 Qb4
40. Qd4 Qxd4 {White resigns} 0-1

[Event "FICS rated blitz game"]
[Site "FICS freechess.org"]
[Date "2018.01.03"]
[Round "?"]
[White "windbumwino"]
[Black "borofc"]
[Result "1-0"]
[WhiteElo "1478"]
[BlackElo "1439"]
[PlyCount "49"]
[EventDate "2018.??.??"]
[EventType "blitz"]

1. e4 e5 2. c3 Nc6 3. Nf3 Bc5 4. d4 exd4 5. cxd4 Bb4+ 6. Bd2 Bxd2+ 7. Nbxd2 d5
8. e5 Bg4 9. Bb5 Nge7 10. O-O O-O 11. h3 Bh5 12. Bxc6 Nxc6 13. g4 Bg6 14. a3
Be4 15. Nxe4 dxe4 16. Nd2 Qxd4 17. Re1 Qxe5 18. Rxe4 Qxb2 19. Nc4 Qc3 20. Rc1
Qxh3 21. Qd7 Qh6 22. Rce1 Rac8 23. Qxc8 Rxc8 24. Re8+ Rxe8 25. Rxe8# {Black
checkmated} 1-0

[Event "FICS rated blitz game"]
[Site "FICS freechess.org"]
[Date "2018.01.03"]
[Round "?"]
[White "BiH"]
[Black "ouazzani"]
[Result "1-0"]
[WhiteElo "1600"]
[BlackElo "1654"]
[PlyCount "103"]
[EventDate "2018.??.??"]
[EventType "blitz"]

1. e4 e5 2. Nf3 Nc6 3. c3 Bc5 4. d4 exd4 5. cxd4 Bb4+ 6. Nc3 Nf6 7. Bd3 O-O 8.
O-O d6 9. h3 h6 10. a3 Ba5 11. b4 Bb6 12. Ne2 Qe7 13. Qc2 Re8 14. d5 Ne5 15.
Nxe5 Qxe5 16. Bb2 Qe7 17. Ng3 Nd7 18. Rae1 Ne5 19. Be2 Qg5 20. Kh2 Ng6 21. Bc1
Qe7 22. f4 Bd7 23. Bd3 Rad8 24. e5 dxe5 25. Bxg6 fxg6 26. fxe5 Bf5 27. Nxf5
gxf5 28. Qc4 Qf7 29. e6 Qg6 30. Bf4 Re7 31. a4 a6 32. a5 Ba7 33. Bxc7 Rxc7 34.
Qxc7 Bb8 35. d6 Bxc7 36. dxc7 Rc8 37. e7 Qe8 38. Rxf5 Rxc7 39. Rf8+ Qxf8 40.
exf8=Q+ Kxf8 41. Re4 Kf7 42. Kg3 Kf6 43. Kf4 g5+ 44. Kg4 Rd7 45. g3 Rc7 46. h4
gxh4 47. gxh4 Rg7+ 48. Kf4 Rg1 49. Rc4 Rf1+ 50. Ke3 Re1+ 51. Kd2 Re7 52. Rf4+
1-0

[Event "FICS rated standard game"]
[Site "FICS freechess.org"]
[Date "2018.01.03"]
[Round "?"]
[White "piaanist"]
[Black "Yveshermann"]
[Result "0-1"]
[WhiteElo "1382"]
[BlackElo "1310"]
[PlyCount "60"]
[EventDate "2018.??.??"]

1. e4 e5 2. Nf3 Nc6 3. c3 d6 4. d4 Nf6 5. Bg5 Bg4 6. h3 Bxf3 7. Qxf3 exd4 8.
Bb5 Be7 9. cxd4 O-O 10. Nc3 Nd7 11. Bxe7 Qxe7 12. Nd5 Qd8 13. O-O Nxd4 14. Qd3
Nxb5 15. Qxb5 Rb8 16. Qd3 Kh8 17. f4 c6 18. Ne3 d5 19. e5 Qb6 20. Kh1 Qxb2 21.
Rfb1 Nc5 22. Qf5 Qf2 23. Ng4 Qg3 24. Rf1 Qh4 25. Rac1 Ne4 26. Ne3 Ng3+ 27. Kh2
Nxf5 28. Nxf5 Qd8 29. Rce1 b5 30. Nd4 Qb6 0-1

[Event "FICS rated lightning game"]
[Site "FICS freechess.org"]
[Date "2018.01.03"]
[Round "?"]
[White "mogonhed"]
[Black "rossoscuro"]
[Result "0-1"]
[WhiteElo "1942"]
[BlackElo "1967"]
[PlyCount "60"]
[EventDate "2018.??.??"]

1. e4 e5 2. Nf3 Nc6 3. c3 d5 4. Qa4 dxe4 5. Nxe5 Bd7 6. Nxd7 Qxd7 7. Qxe4+ Be7
8. d4 O-O-O 9. Be2 Nf6 10. Qc2 Bd6 11. Be3 h6 12. Nd2 Na5 13. O-O-O Nd5 14. Nc4
Nxe3 15. fxe3 Nxc4 16. Bxc4 Qg4 17. Bxf7 Rhf8 18. Be6+ Qxe6 19. Qa4 Qxe3+ 20.
Kb1 Qe4+ 21. Ka1 Kb8 22. Rhe1 Qxg2 23. Rg1 Qxh2 24. Rxg7 Rf2 25. Qb3 Rdf8 26.
c4 Rf1 27. Rg8 Rxd1+ 28. Qxd1 Rxg8 29. c5 Rg1 30. cxd6 Rxd1# {White checkmated}
0-1

[Event "FICS unrated blitz game"]
[Site "FICS freechess.org"]
[Date "2018.01.03"]
[Round "?"]
[White "ukw"]
[Black "Retromba"]
[Result "1-0"]
[WhiteElo "1589"]
[BlackElo "1301"]
[PlyCount "61"]
[EventDate "2018.??.??"]
[EventType "blitz"]

1. e4 e5 2. Nf3 Nc6 3. c3 h6 4. d4 Qe7 5. d5 Nd8 6. Bc4 d6 7. O-O a6 8. a4 Nf6
9. Nbd2 Bg4 10. h3 Bh5 11. Qb3 Rb8 12. Nh2 Qd7 13. Bxa6 Be7 14. Bb5 c6 15. dxc6
Nxc6 16. Nc4 O-O 17. Nb6 Qd8 18. Nd5 Nxe4 19. Bd3 Nf6 20. Nxf6+ Bxf6 21. f4
exf4 22. Bxf4 Ne5 23. Bb1 Bg6 24. Bxe5 Bxb1 25. Bxf6 Qxf6 26. Rxf6 gxf6 27.
Rxb1 Rfe8 28. Ng4 Re6 29. Nxh6+ Kh7 30. Nxf7 Rf8 31. Qxe6 {Black resigns} 1-0

[Event "FICS rated blitz game"]
[Site "FICS freechess.org"]
[Date "2018.01.03"]
[Round "?"]
[White "Fullball"]
[Black "hanty"]
[Result "0-1"]
[WhiteElo "1186"]
[BlackElo "1144"]
[PlyCount "88"]
[EventDate "2018.??.??"]
[EventType "blitz"]

1. e4 e5 2. Nf3 Nc6 3. c3 d6 4. h3 f5 5. d3 fxe4 6. dxe4 Nf6 7. Nbd2 Be7 8. Bc4
h6 9. O-O a6 10. b4 b5 11. Bb3 Bd7 12. Re1 Qc8 13. a3 Be6 14. c4 O-O 15. Bb2
Nd8 16. cxb5 axb5 17. a4 Bxb3 18. Qxb3+ Kh8 19. axb5 Rb8 20. Ra5 c6 21. Rc1 Qb7
22. bxc6 Nxc6 23. b5 Nxa5 24. Qa4 Qxb5 25. Qxb5 Rxb5 26. Ba3 Rfb8 27. Rc7 Bf8
28. g4 Rb3 29. Nxb3 Rxb3 30. Bc1 Rxf3 31. Kg2 Rb3 32. Rc8 Kg8 33. f3 Nb7 34.
Rb8 Kf7 35. h4 Nd7 36. Ra8 Rb1 37. Be3 Rb3 38. Bc1 Nbc5 39. Ra7 Ke6 40. Ba3 Be7
41. h5 Nd3 42. Ra8 Nf4+ 43. Kf2 Nc5 44. Bc1 Ncd3+ {White resigns} 0-1

[Event "FICS rated blitz game"]
[Site "FICS freechess.org"]
[Date "2018.01.03"]
[Round "?"]
[White "aashuashuthosh"]
[Black "awfen"]
[Result "1-0"]
[WhiteElo "1082"]
[BlackElo "1273"]
[PlyCount "63"]
[EventDate "2018.??.??"]
[EventType "blitz"]

1. e4 Nc6 2. Nf3 e5 3. c3 d6 4. Bb5 f5 5. exf5 Bxf5 6. Qa4 Bd7 7. d4 e4 8. Ng5
Qe7 9. d5 Ne5 10. Bxd7+ Nxd7 11. Ne6 Ngf6 12. Nxc7+ Kf7 13. Nxa8 Nc5 14. Qc4
Nd3+ 15. Kd2 Ng4 16. h3 Qg5+ 17. Kc2 Qf5 18. Qc7+ Be7 19. hxg4 Qxf2+ 20. Nd2 e3
21. Rf1 Ne1+ 22. Kb3 Qxf1 23. Nxf1 Nd3 24. Bxe3 Rxa8 25. Bg5 Re8 26. Bxe7 Rxe7
27. Qxd6 b6 28. g5 Nc5+ 29. Kc2 Re2+ 30. Nd2 Ne4 31. Rf1+ Rf2 32. Qe6+ 1-0

[Event "FICS rated lightning game"]
[Site "FICS freechess.org"]
[Date "2018.01.03"]
[Round "?"]
[White "mogonhed"]
[Black "rossoscuro"]
[Result "1-0"]
[WhiteElo "1943"]
[BlackElo "1965"]
[PlyCount "105"]
[EventDate "2018.??.??"]

1. e4 e5 2. Nf3 Nc6 3. c3 Nf6 4. d4 exd4 5. e5 d6 6. exf6 Qxf6 7. Bg5 Qg6 8.
Bd3 Qh5 9. O-O f6 10. Re1+ Be7 11. Bf4 Bd7 12. Nxd4 Nxd4 13. Qxh5+ g6 14. Bxg6+
Kd8 15. cxd4 c6 16. Nc3 Kc7 17. Bf5 Bxf5 18. Qxf5 Bd8 19. Qe6 Kb6 20. Qxd6 Rc8
21. Qc5+ Ka6 22. Qc4+ b5 23. Bd6 bxc4 24. a4 Ba5 25. Ne4 Rcd8 26. Re2 Rhe8 27.
Nc5+ Kb6 28. Rxe8 Rxe8 29. Bf4 Bb4 30. Kf1 Bxc5 31. dxc5+ Kxc5 32. Be3+ Kb4 33.
Rd1 Re4 34. Bd4 f5 35. Bc3+ Kb3 36. Re1 Rg4 37. g3 Rg6 38. h4 Kxa4 39. Re7 Rd6
40. Rxa7+ Kb5 41. Rxh7 Rd1+ 42. Kg2 Rd3 43. h5 Rd6 44. h6 c5 45. Bg7 Kb4 46.
Rh8 Kb3 47. h7 Rh6 48. Rb8+ Kc2 49. h8=Q c3 50. Bxc3 Rxh8 51. Rxh8 Kd3 52. Rc8
Ke4 53. Rxc5 1-0

[Event "FICS rated blitz game"]
[Site "FICS freechess.org"]
[Date "2018.01.03"]
[Round "?"]
[White "BiH"]
[Black "ouazzani"]
[Result "0-1"]
[WhiteElo "1594"]
[BlackElo "1660"]
[PlyCount "66"]
[EventDate "2018.??.??"]
[EventType "blitz"]

1. e4 e5 2. Nf3 Nc6 3. c3 Nf6 4. d4 Bd6 5. d5 Ne7 6. Bd3 O-O 7. O-O Ng6 8. c4
Be7 9. Nc3 d6 10. h3 a6 11. a4 Bd7 12. Qe2 Kh8 13. b4 Qe8 14. Be3 Nh5 15. Qd2
Nhf4 16. Bc2 f5 17. Kh2 fxe4 18. Bxe4 Qf7 19. Ne2 Rae8 20. Bxg6 Nxg6 21. c5 Bf6
22. Ng3 e4 23. Nd4 Be5 24. c6 bxc6 25. dxc6 Bc8 26. Rad1 Re7 27. b5 axb5 28.
axb5 Nf4 29. Bxf4 Bxf4 30. Qe2 Qg6 31. Ra1 Be5 32. Ra4 Qf6 33. Ra8 Bxg3+ 0-1

[Event "FICS rated blitz game"]
[Site "FICS freechess.org"]
[Date "2018.01.03"]
[Round "?"]
[White "fabiandezso"]
[Black "Pumpernickel"]
[Result "1-0"]
[WhiteElo "1415"]
[BlackElo "1375"]
[PlyCount "65"]
[EventDate "2018.??.??"]
[EventType "blitz"]

1. e4 Nc6 2. Nf3 e5 3. c3 Nf6 4. d3 Bc5 5. h3 O-O 6. Be2 b6 7. O-O Bb7 8. b4
Be7 9. Bb2 d5 10. exd5 Nxd5 11. c4 Ndxb4 12. Nxe5 Nxe5 13. Bxe5 Bf6 14. d4 Bxe5
15. dxe5 Qg5 16. Bf3 Bxf3 17. Qxf3 Qxe5 18. Nc3 Nc2 19. Rac1 Nd4 20. Qg4 Rad8
21. Rfe1 Qf5 22. Qg3 c5 23. Nd5 Kh8 24. Ne7 Qd7 25. Nd5 Rfe8 26. f3 Ne2+ 27.
Rxe2 Rxe2 28. Nf4 Rxa2 29. Nh5 g6 30. Nf6 Qe6 31. Qh4 Qe3+ 32. Kh2 Qe5+ 33. f4
1-0

[Event "FICS rated blitz game"]
[Site "FICS freechess.org"]
[Date "2018.01.03"]
[Round "?"]
[White "Jephtah"]
[Black "lorrenzslorrenzs"]
[Result "0-1"]
[WhiteElo "1559"]
[BlackElo "1357"]
[PlyCount "23"]
[EventDate "2018.??.??"]
[EventType "blitz"]

1. e4 e5 2. Nf3 Nc6 3. c3 Bc5 4. Qa4 d6 5. d4 exd4 6. cxd4 Bb4+ 7. Nc3 Bxc3+ 8.
bxc3 Bd7 9. Bc4 Ne5 10. Qb3 Nxf3+ 11. gxf3 Be6 12. Bxe6 {White resigns} 0-1

[Event "FICS rated blitz game"]
[Site "FICS freechess.org"]
[Date "2018.01.03"]
[Round "?"]
[White "Wladanco"]
[Black "RMV"]
[Result "0-1"]
[WhiteElo "1563"]
[BlackElo "1302"]
[PlyCount "50"]
[EventDate "2018.??.??"]
[EventType "blitz"]

1. e4 e5 2. Nf3 Nc6 3. c3 Nf6 4. d3 Bc5 5. Bg5 d6 6. b4 Bb6 7. a4 a6 8. a5 Ba7
9. Nbd2 b6 10. axb6 Bxb6 11. Nb3 Be6 12. Na5 Nxa5 13. bxa5 Ba7 14. Be2 O-O 15.
O-O h6 16. Bh4 g5 17. Nxg5 hxg5 18. Bxg5 Kh8 19. Kh1 Rg8 20. Bh4 Rg6 21. f4 Qg8
22. g3 Bh3 23. Re1 Ng4 24. Bxg4 Bxg4 25. Qb3 Bf3# {White checkmated} 0-1

[Event "FICS rated blitz game"]
[Site "FICS freechess.org"]
[Date "2018.01.03"]
[Round "?"]
[White "windbumwino"]
[Black "zahaar"]
[Result "1-0"]
[WhiteElo "1466"]
[BlackElo "1167"]
[PlyCount "103"]
[EventDate "2018.??.??"]
[EventType "blitz"]

1. e4 e5 2. c3 Nc6 3. Nf3 Nf6 4. d4 d6 5. d5 Ne7 6. Qa4+ Bd7 7. Bb5 c6 8. dxc6
Bxc6 9. Bxc6+ Nxc6 10. Bg5 Be7 11. b4 Nxe4 12. Bxe7 Qxe7 13. b5 Nc5 14. Qc4 Na5
15. Qb4 b6 16. O-O O-O 17. a4 Nd3 18. Qe4 Nc5 19. Qd5 Ncb3 20. Ra2 Nc5 21. c4
e4 22. Nd4 Nd3 23. Nc6 Nxc6 24. Qxc6 Nb4 25. Nc3 Nxa2 26. Nd5 Qe5 27. Qc7 e3
28. fxe3 Rac8 29. Ne7+ Kh8 30. Nxc8 Qxe3+ 31. Kh1 Qe2 32. Rg1 Nc3 33. Nxd6 Ne4
34. Nxe4 Qxe4 35. Qxa7 Re8 36. Qxf7 Qe6 37. Qxe6 Rxe6 38. Rc1 Re2 39. c5 bxc5
40. g3 h5 41. Rxc5 Re1+ 42. Kg2 Re2+ 43. Kh3 Ra2 44. Rxh5+ Kg8 45. Rh4 g5 46.
Rb4 Ra1 47. b6 Rd1 48. a5 Rd8 49. a6 Kf7 50. a7 Ra8 51. b7 Rxa7 52. b8=Q {
Black resigns} 1-0

[Event "FICS rated blitz game"]
[Site "FICS freechess.org"]
[Date "2018.01.03"]
[Round "?"]
[White "laststandingking"]
[Black "ycq"]
[Result "1-0"]
[WhiteElo "1015"]
[BlackElo "1249"]
[PlyCount "47"]
[EventDate "2018.??.??"]
[EventType "blitz"]

1. e4 e5 2. Nf3 Nc6 3. c3 d6 4. d4 Nf6 5. d5 Ne7 6. Bg5 Ng6 7. h4 h6 8. Bxf6
Qxf6 9. h5 Bg4 10. hxg6 Qxg6 11. Bb5+ c6 12. dxc6 Qxe4+ 13. Qe2 Qxe2+ 14. Kxe2
e4 15. cxb7+ Ke7 16. bxa8=Q exf3+ 17. gxf3 Bd7 18. Bxd7 Kxd7 19. Qxa7+ Ke6 20.
Nd2 f6 21. Nc4 Be7 22. Rhe1 Rd8 23. Kf1+ Kf7 24. Qxe7+ {Black resigns} 1-0

[Event "FICS rated blitz game"]
[Site "FICS freechess.org"]
[Date "2018.01.03"]
[Round "?"]
[White "sasfro"]
[Black "JosephAquilino"]
[Result "0-1"]
[WhiteElo "1232"]
[BlackElo "1342"]
[PlyCount "120"]
[EventDate "2018.??.??"]
[EventType "blitz"]

1. e4 e5 2. Nf3 Nc6 3. c3 Nf6 4. d4 d6 5. dxe5 Nxe5 6. Nxe5 dxe5 7. Qxd8+ Kxd8
8. Bg5 Bd6 9. Bc4 Ke7 10. Nd2 h6 11. Bh4 g5 12. Bg3 c6 13. Nf3 Bg4 14. Nxe5
Bxe5 15. Bxe5 Rhd8 16. f3 Be6 17. Bxe6 Kxe6 18. Ke2 Nd7 19. Bc7 Rdc8 20. Bg3
Nc5 21. Rad1 Rd8 22. Rxd8 Rxd8 23. Rd1 Nd7 24. b4 f6 25. Rd6+ Ke7 26. a4 Rc8
27. Rd2 Nb6 28. a5 Nc4 29. Rd4 Nb2 30. Bd6+ Ke6 31. Bc5 a6 32. Rd6+ Ke5 33. Rd2
Nc4 34. Bd4+ Ke6 35. Rd3 Rb8 36. g3 b5 37. Bc5 h5 38. f4 gxf4 39. gxf4 f5 40.
exf5+ Kxf5 41. Kf3 Rg8 42. Kf2 Rg4 43. Rf3 Rxf4 44. Rxf4+ Kxf4 45. h3 Nb2 46.
Bd6+ Ke4 47. Ke2 Nc4 48. Bc5 Ne5 49. Be7 Nf3 50. Bf6 Ng1+ 51. Kf2 Nxh3+ 52. Kg3
Nf4 53. Bg5 Ne2+ 54. Kh4 Nxc3 55. Kxh5 Kd5 56. Be7 Kc4 57. Kg4 Nd5 58. Bc5 Nxb4
59. Bxb4 Kxb4 60. Kf4 c5 {White resigns} 0-1

[Event "FICS rated blitz game"]
[Site "FICS freechess.org"]
[Date "2018.01.03"]
[Round "?"]
[White "capricornus"]
[Black "heidehenk"]
[Result "0-1"]
[WhiteElo "1365"]
[BlackElo "1472"]
[PlyCount "86"]
[EventDate "2018.??.??"]
[EventType "blitz"]

1. e4 e5 2. Nf3 Nc6 3. c3 d5 4. exd5 Qxd5 5. Be2 e4 6. Nd4 Nxd4 7. cxd4 Qxd4 8.
O-O Nf6 9. Qc2 Bd6 10. Nc3 Bf5 11. Qa4+ Qxa4 12. Nxa4 O-O 13. h3 Nd5 14. Nc3
Nb4 15. Bd1 Nd3 16. Nd5 Rfe8 17. Ne3 Bg6 18. Bc2 Nxc1 19. Raxc1 Be5 20. Rb1
Rad8 21. Nc4 Bd4 22. Rfe1 f5 23. Ne3 b5 24. Bb3+ Kf8 25. Nd5 Rd7 26. Nf4 Bf7
27. Bxf7 Kxf7 28. Re2 c5 29. b3 g5 30. Nh5 Kg6 31. g4 f4 32. Kh2 f3 33. Ree1
Bxf2 34. Rf1 Rxd2 35. Rbd1 e3 36. Rxd2 exd2 37. Rd1 Be3 38. Ng3 c4 39. Nf5 c3
40. Nxe3 Rxe3 41. a4 Re1 42. Rxe1 dxe1=Q 43. axb5 f2 {White resigns} 0-1

[Event "FICS rated standard game"]
[Site "FICS freechess.org"]
[Date "2018.01.03"]
[Round "?"]
[White "FyFazan"]
[Black "borodin"]
[Result "1-0"]
[WhiteElo "1623"]
[BlackElo "1688"]
[PlyCount "111"]
[EventDate "2018.??.??"]

1. e4 e5 2. Nf3 Nc6 3. c3 d6 4. d4 exd4 5. cxd4 Bg4 6. Be2 Nf6 7. a3 Be7 8. d5
Ne5 9. Nxe5 Bxe2 10. Qxe2 dxe5 11. Nc3 c6 12. dxc6 bxc6 13. Qa6 Qc7 14. O-O O-O
15. Be3 h6 16. Rac1 Rfd8 17. Nb5 Qd7 18. Qxc6 Qg4 19. Nc3 Rac8 20. Qb7 Bf8 21.
h3 Qh5 22. Bxa7 g5 23. Qb6 Bg7 24. Qe3 g4 25. hxg4 Nxg4 26. Qg3 Rd3 27. f3 Nf6
28. Rcd1 Rcd8 29. Rxd3 Rxd3 30. Bb8 Nd7 31. Bc7 Kh8 32. Nd5 Rd2 33. Ne7 Bf6 34.
Nf5 Bg5 35. Bxe5+ f6 36. Bf4 Rxb2 37. Bxg5 fxg5 38. Rd1 Rb7 39. Nd6 Ra7 40. Nc8
Rc7 41. Ne7 Ra7 42. Qd6 Nf8 43. Qd4+ Kh7 44. Qxa7 Qf7 45. Nc6 Qxa7+ 46. Nxa7
Ne6 47. a4 h5 48. a5 h4 49. Nc6 Nf4 50. a6 Kg6 51. a7 Kh5 52. a8=Q h3 53. Qe8+
Kh4 54. gxh3 Nxh3+ 55. Kh2 Nf4 56. Qh8+ {Black resigns} 1-0

[Event "FICS rated blitz game"]
[Site "FICS freechess.org"]
[Date "2018.01.03"]
[Round "?"]
[White "feroze"]
[Black "heidehenk"]
[Result "1-0"]
[WhiteElo "1441"]
[BlackElo "1506"]
[PlyCount "59"]
[EventDate "2018.??.??"]
[EventType "blitz"]

1. e4 e5 2. Nf3 Nc6 3. c3 d5 4. Qa4 Qd6 5. exd5 Qxd5 6. Bc4 Qd6 7. O-O Be7 8.
Na3 a6 9. Nb5 Qd8 10. Nxe5 Be6 11. Nxc6 bxc6 12. Nd4 Bxc4 13. Qxc6+ Qd7 14.
Qxa8+ Bd8 15. Re1+ Ne7 16. b3 Bd3 17. Ba3 O-O 18. Qf3 Bg6 19. Rad1 Re8 20. Qb7
a5 21. Bxe7 Bxe7 22. Nc6 Bd6 23. Nxa5 h5 24. d4 Rxe1+ 25. Rxe1 Qg4 26. Nc4 Bf4
27. Qa8+ Kh7 28. Qf3 Qxf3 29. gxf3 Bd2 30. Nxd2 {Black resigns} 1-0

[Event "FICS rated blitz game"]
[Site "FICS freechess.org"]
[Date "2018.01.03"]
[Round "?"]
[White "fabiandezso"]
[Black "Pumpernickel"]
[Result "1-0"]
[WhiteElo "1433"]
[BlackElo "1319"]
[PlyCount "33"]
[EventDate "2018.??.??"]
[EventType "blitz"]

1. e4 Nc6 2. Nf3 e5 3. c3 Nf6 4. d3 Bc5 5. Bg5 Be7 6. Nbd2 Ng4 7. Bxe7 Qxe7 8.
h3 Nf6 9. Be2 b6 10. O-O Ba6 11. Nb3 O-O 12. d4 exd4 13. Bxa6 dxc3 14. bxc3
Qxe4 15. Bd3 Qa4 16. Nbd4 Nxd4 17. Qxa4 {Black resigns} 1-0

[Event "FICS rated blitz game"]
[Site "FICS freechess.org"]
[Date "2018.01.03"]
[Round "?"]
[White "Feestt"]
[Black "umbeebmu"]
[Result "0-1"]
[WhiteElo "1190"]
[BlackElo "1112"]
[PlyCount "114"]
[EventDate "2018.??.??"]
[EventType "blitz"]

1. e4 e5 2. Nf3 Nc6 3. c3 Bc5 4. d4 exd4 5. cxd4 Bb4+ 6. Nc3 Nf6 7. a3 Bxc3+ 8.
bxc3 Nxe4 9. Qe2 Qe7 10. Bg5 Qe6 11. Rd1 O-O 12. d5 Nxc3 13. Qxe6 dxe6 14. Rc1
Nxd5 15. Bc4 Re8 16. O-O f6 17. Bd2 Nf4 18. Bxf4 Kh8 19. Bxc7 b6 20. Bd6 e5 21.
Bb4 a5 22. Bc3 a4 23. Nh4 Rb8 24. Bf7 Re7 25. Bd5 Nd4 26. Bxd4 exd4 27. Rcd1
Ba6 28. Rfe1 Rbe8 29. Rxe7 Rxe7 30. Nf5 Re5 31. h3 Rxd5 32. Ne7 Rd7 33. Nc6 d3
34. Nb8 Ra7 35. Nxa6 Rxa6 36. Rxd3 h5 37. g3 Kh7 38. f4 Kg6 39. Rd5 Ra7 40. Rb5
Rb7 41. g4 hxg4 42. hxg4 Kh7 43. Kg2 Rc7 44. Rxb6 Rc2+ 45. Kf3 Rc3+ 46. Ke4
Rxa3 47. Ra6 Kg6 48. Ra5 Kf7 49. f5 g6 50. Ra7+ Kg8 51. fxg6 Ra1 52. Kf3 a3 53.
Ke4 a2 54. Kd3 Rd1+ 55. Kc2 a1=Q 56. Rxa1 Rxa1 57. Kb2 Ra4 {White resigns} 0-1

[Event "FICS rated standard game"]
[Site "FICS freechess.org"]
[Date "2018.01.03"]
[Round "?"]
[White "piaanist"]
[Black "malachifnord"]
[Result "1-0"]
[WhiteElo "1378"]
[BlackElo "1472"]
[PlyCount "41"]
[EventDate "2018.??.??"]

1. e4 e5 2. Nf3 Nc6 3. c3 Nf6 4. Bd3 Bc5 5. O-O O-O 6. Bc2 d5 7. d4 Bb6 8. dxe5
Nxe5 9. Nxe5 dxe4 10. Re1 Qxd1 11. Rxd1 e3 12. fxe3 Bf5 13. Bxf5 Rfe8 14. Nd7
Bxe3+ 15. Bxe3 Rxe3 16. Nxf6+ gxf6 17. Na3 Rae8 18. Rd7 R8e5 19. Bh3 Re2 20.
Rxc7 Rxb2 21. Nc4 {Black resigns} 1-0

[Event "FICS rated standard game"]
[Site "FICS freechess.org"]
[Date "2018.01.03"]
[Round "?"]
[White "ProAudioVisual"]
[Black "Woma"]
[Result "0-1"]
[WhiteElo "1757"]
[BlackElo "1857"]
[PlyCount "117"]
[EventDate "2018.??.??"]

1. e4 e5 2. c3 Nc6 3. Nf3 Bc5 4. Bd3 Nf6 5. h3 O-O 6. O-O d5 7. Qc2 Be6 8. Kh2
h6 9. Ng1 Qd7 10. f3 d4 11. Be2 a6 12. d3 Nh7 13. c4 f5 14. Nd2 fxe4 15. Nxe4
Bd6 16. a3 Nf6 17. b4 Nxe4 18. fxe4 Rxf1 19. Bxf1 Rf8 20. Qe2 Rf6 21. Bd2 Qf7
22. Nf3 b6 23. Be1 Qg6 24. Bh4 Rf4 25. Bg3 Rf7 26. Nh4 Qf6 27. Re1 Ne7 28. Rc1
Ng6 29. Nxg6 Qxg6 30. c5 bxc5 31. bxc5 Be7 32. Bxe5 Bg5 33. Rb1 Be3 34. Bg3 Bf4
35. Qf3 Bc1 36. Qe2 Bxa3 37. c6 a5 38. Rb7 Bc8 39. Rxc7 Rxc7 40. Bxc7 Qxc6 41.
Bg3 Bd6 42. Qf3 Bxg3+ 43. Qxg3 a4 44. Qf2 Qc3 45. Qa2+ Qb3 46. Qa1 a3 47. Qxd4
Be6 48. Be2 a2 49. Bg4 Bxg4 50. hxg4 Qb1 51. Qd5+ Kh8 52. Qd8+ Kh7 53. Qf8 Qb5
54. Qa3 Qe5+ 55. Kh3 a1=Q 56. Qxa1 Qxa1 57. Kg3 Qd4 58. Kf4 Qxd3 59. g3 {
White resigns} 0-1

[Event "FICS rated blitz game"]
[Site "FICS freechess.org"]
[Date "2018.01.03"]
[Round "?"]
[White "elvinclones"]
[Black "ShivaOM"]
[Result "1-0"]
[WhiteElo "1384"]
[BlackElo "1546"]
[PlyCount "79"]
[EventDate "2018.??.??"]
[EventType "blitz"]

1. e4 e5 2. c3 Nc6 3. Nf3 d6 4. a3 Bg4 5. b4 a6 6. Bb2 Nf6 7. d3 Be7 8. Be2 O-O
9. Nbd2 h6 10. Nf1 d5 11. h3 Bd7 12. c4 dxe4 13. Nxe5 Nxe5 14. Bxe5 exd3 15.
Qxd3 Re8 16. Ne3 Bc6 17. O-O Qxd3 18. Bxd3 Rad8 19. Bc2 Nd7 20. Bxc7 Rc8 21.
Bg3 Bf6 22. Rad1 Ne5 23. Bb3 Rcd8 24. Nd5 Bxd5 25. cxd5 Rd7 26. Rfe1 Rde7 27.
Kf1 Nd7 28. Ba4 b5 29. Bb3 Rxe1+ 30. Rxe1 Rc8 31. Bf4 Rc3 32. Ba2 Rxa3 33. Bb1
g6 34. Re8+ Kg7 35. d6 Ra1 36. Re1 Be5 37. g3 Bxf4 38. gxf4 Kf6 39. Rd1 Ke6 40.
Ke2 1-0